000 00372nam a2200181Ia 4500
003 OSt
005 20220923224454.0
006 a|||||r|||| 00| 0
007 ta
008 Pun
024 _a234,939
037 _cTextual
040 _aARTS
_cARTS
_bPun
041 _2Pun
_aPun
245 0 _aਦਪਦਿਪਿਤਿਦ
942 _cTEXL
_2CC
999 _c371659
_d371659